I promessi sposi = The Betrothed /

Serie que difunde obra clásica en el sentido canónico del término, particularmente textos literarios, aunque abierta también a libros centrales de otros campos, como obras de Darwin o Pascal, por citar dos ejemplos.

I tiakina i:
Ngā taipitopito rārangi puna kōrero
Kaituhi matua: Manzoni, Alessandro (autor)
Hōputu: Pukapuka
Reo:Ingarihi
I whakaputaina: Nueva York, EUA : Collier, 1963, c1937
Rangatū:(Harvard Classics ; 21)
Ngā marau:
Ngā Tūtohu: Tāpirihia he Tūtohu
Kāore He Tūtohu, Me noho koe te mea tuatahi ki te tūtohu i tēnei pūkete!

MARC

LEADER 00000nam^a2200000^a^4500
001 000315058
005 20250521000000.0
009 20260310113233.92
037 |a Acervo ITESO - Biblioteca 
041 |a ING 
082 |a 808. 8  |b HAR V. 21 
100 |a Manzoni, Alessandro  |e (autor) 
240 1 5 |a [Los novios: historia milanesa del siglo XVII] 
245 1 2 |a I promessi sposi =  |b The Betrothed /  |c A. Manzoni. 
264 4 |a Nueva York, EUA :  |b Collier,  |c 1963, c1937 
300 |a 643 p. 
336 |a texto  |b txt  |2 rdacontenido 
337 |a sin mediación  |b n  |2 rdamedio 
338 |a volumen  |b nc  |2 rdasoporte 
440 1 |a (Harvard Classics ;  |v 21) 
520 |a Serie que difunde obra clásica en el sentido canónico del término, particularmente textos literarios, aunque abierta también a libros centrales de otros campos, como obras de Darwin o Pascal, por citar dos ejemplos. 
649 |a XX 
650 |a Novela Italiana 
650 |a Novela Histórica -  |z Italia 
650 |a Literatura Italiana -  |y Siglo XIX 
650 |a Literatura e Historia -  |z Italia 
650 |a Romanticismo (Literatura) 
650 |a Milán, Italia -  |x Historia -  |y Siglo XVII 
650 |a Milán, Italia -  |x Historia -  |y Dominación Española, 1559-1713 
650 |a Italia -  |x Historia -  |y Siglo XVII 
650 |a Italia -  |x Historia -  |y Dominación Española, 1559-1713 
740 4 |a The Betrothed /  |c A. Manzoni. 
910 |a Fondo General 
920 |a Impresos - Libros 
930 |a Colección General 
940 |a Literatura 
905 |a 101 
901 |a 0500202031  |b IT1  |c LIT  |i D54894  |u 20250521 
902 |a https://opac.biblio.iteso.mx/vufind/Record/000315058